[Event "29th Dave Collyer Memorial"]
[Site "Spokane, WA"]
[Date "2022.02.27"]
[Round "4"]
[White "Lee, Brian"]
[Black "Pupols, Viktors"]
[Result "1-0"]
[WhiteElo "1897"]
[BlackElo "2200"]
[Annotator "Brian Lee"]
[PlyCount "101"]
[EventDate "2022.02.26"]
[EventType "swiss"]
[EventRounds "5"]
[EventCountry "USA"]

1. d4 e6 2. Nf3 Nf6 3. c4 d5 4. Nc3 c6 5. e3 {I usually don’t get much from
the opening with this move, but I didn’t mind having a drawish position
against a higher-rated opponent.} Nbd7 6. Qc2 Bd6 7. Bd3 O-O 8. O-O e5 9. cxd5
cxd5 10. Nb5 Bb8 11. dxe5 Nxe5 12. Nxe5 Bxe5 13. Nd4 {I played this because I
was worried about 13...Bxh2+ and wanted to be able to bring my knight to f3 to
defend against mate on h2, but it turns out this is unnecessary because after
13.Bd2 Bxh2+ 14.Kxh2 Ng4+ 15.Kg1 Qh4 White has 16.Qc7.} Bd7 14. Bd2 Rc8 15. Bc3
Bxd4 16. exd4 Qb6 {With the idea of playing 17...Bb5 trying to trade off
White’s best minor piece.} 17. Rfe1 $6 {17.a4 was a stronger way to meet
Black’s 17...Bb5 idea.} Bb5 18. Bf5 Bd7 19. Bd3 {Played to see if Black was
interested in a draw.} Rfe8 {Obviously he is not.} 20. f3 {The computer
doesn’t like this move because it allows Black to play Bb5 again, forcing
either an exchange of bishops or a repetition, but Black already made it clear
that he is not interested in a draw.} Rxe1+ 21. Rxe1 Re8 $6 {With the rooks
traded, White’s leftover pieces are more active than Black’s giving White
a small advantage. The computer once again prefers 21...Bb5.} 22. Rxe8+ Bxe8
23. Qe2 Qe6 $6 {Black allows White to enter a favorable endgame in which
White’s two bishops will dominate the board whereas Black will struggle to
find good squares for his minor pieces and be unable to activate his king.} 24.
Qxe6 fxe6 25. Bb4 Kf7 26. g4 Nd7 27. Bd6 Nb6 28. b3 Nc8 29. Bb8 g6 30. Kf2 a6 {
All of Black’s pawns are on the same color square as his bishop and he has
moved his knight three times in the last five moves and still has not found a
good home for it.} 31. Ke3 Ne7 32. Bd6 Nc6 33. g5 Bd7 34. h4 Be8 35. Bc2 Na7
36. Bc5 Nc6 37. b4 $6 {This allows Black’s knight access to c4. At the
moment it doesn't seem like Black can get it there, but there is a tricky way
to do it, which Black misses. 37. Kf4 Ne7 38. Bxe7 Kxe7 is better, when White
has been able to trade his bishop for Black’s knight at a favorable time,
similar to what happens in the game.} b5 {37...b6! 38. Bd6 (38.Bxb6 Nxb4 39.
Bd1 Bb5 and Black has activated his pieces.) 38...Na7 39.Be5 Nb5 40.Bb3 Na3
and the knight makes it to c4.} 38. a4 $2 {Throwing away the entire advantage!
Almost any other reasonable move keeps White’s edge.} Ne7 $4 {Black misses
his opportunity and allows White to trade his dark-squared bishop for
Black’s knight into an easily won ending. 38...bxa4 39.Bxa4 Ne7! 40.Bxe7 (40.
Bxe8+ [40.Bc2 Nf5+] Kxe8 41.Kf4 Nf5 is better for Black since his knight has
targets and all of his pawns are on the opposite color as White’s bishop, so
White would have to play 41.Bxe7 and the resulting king and pawn ending is
drawn) 40...Bxa4 Black has forced White into an opposite-colored bishop ending
which should be an easy draw.} 39. Bxe7 Kxe7 40. axb5 $1 {Not 40.a5? when
White cannot break through.} axb5 $6 {40...Bxb5 was better, though still
losing.} 41. Bd3 {Black’s two big problems are that his pawns are all on the
same color as his bishop and White has targets on both sides of the board (b5
and g6), which cannot both be defended for long. The winning plan involves
putting Black in zugzwang by forcing him to either give up a pawn, allow White
a passed pawn, or allow White’s king to advance decisively.} Bd7 42. h5 gxh5
{If Black tries to hold tight with 42...Be8 then 43.h6 Kd6 44.Kf4 and we have
the zugzwang I mentioned earlier. Black cannot move his bishop without either
losing the b5-pawn or allowing 45.Bxg6, and if he moves his king then White
plays 45.Ke5 and wins.} 43. Bxh7 h4 44. Kf4 $4 {This natural move allows black
to save the game! The saving move is tough to find however, and fortunately my
opponent missed it in time trouble.} h3 $4 {44...e5+! 45.dxe5 d4! The problem
is White cannot stop both the d- and h-pawns without giving up his g5-pawn.
The critical lines are 46.Bd3 Kf7 47.Bf1 (47.e6+ Bxe6 48.Bxb5 h3 49.Kg3 Bf5)
47...Kg6 (not 47...h3? 48.Kg3 and White will be able to play f4 and defend his
g5-pawn) 48.e6 (If White moves his bishop, then Black will just repeat with 48.
..Kf7 when White has nothing better than to play 49.Bf1 again anyway) 49...
Bxe6 49.Bxb5 Bf5 50.Be8+ Kg7 51.b5 d3 52.b6 d2 53.Ba4 Bc8 54.Ke3 (54.b7 Bxb7
55.Kg4 h3 56.Kxh3 Bxf3) 54...Bb7 55.Kf2 Kg6 56.f4 Kf5 57.Bc2+ Be4 58.Bxe4+
Kxe4 59.Ke2 h3 60.b7 h2 61.b8=Q d1=Q+ 62.Kxd1 h1=Q+ and this is drawn since
White's king can't find cover. After the text move, Black doesn’t get any
more chances.} 45. Kg3 Kf7 46. f4 Kg7 47. Bd3 Kf7 48. Bf1 e5 49. dxe5 d4 50.
Bd3 Kg7 51. f5 1-0

[Event "Inland Empire Open"]
[Site "Spokane, WA"]
[Date "2022.04.23"]
[Round "2"]
[White "Stripes, James"]
[Black "Lee, Brian"]
[Result "0-1"]
[WhiteElo "1856"]
[BlackElo "1925"]
[Annotator "Brian Lee"]
[PlyCount "96"]
[EventDate "2022.04.23"]
[EventType "swiss"]
[EventRounds "5"]
[EventCountry "USA"]

{This was my most interesting game of the tournament, despite the fact that my
opponent blundered very early. Even though the game was kind of one-sided, my
opponent put up a good fight and there were many interesting and instructive
moments.} 1. d4 Nf6 2. Nf3 g6 3. c4 Bg7 4. Nc3 O-O 5. e4 d6 6. Be2 e5 7. dxe5
dxe5 8. Qxd8 Rxd8 9. Bg5 Re8 10. O-O-O c6 11. Nxe5 Nxe4 12. Nxe4 Bxe5 {This
position has occurred several times with White scoring quite well after 13.f4
and 13.Nd6, but here my opponent blundered.} 13. Nf6+ $4 {Missing my 14th move.
} Bxf6 14. Bxf6 Nd7 {This attacks the bishop and also blocks Rd8+ making 15...
Rxe2 a threat.} 15. Rxd7 Bxd7 {White's dark-square bishop looks pretty strong,
but he doesn't have enough compensation.} 16. Bf3 Re6 17. Bc3 Rae8 18. h4 h6
19. h5 g5 20. Rd1 Bc8 21. Bg4 {This doesn't change the computer's evaluation
but is probable just a mistake since White does not want to trade pieces.} R6e7
22. Bf3 $6 {Best is 22.Bxc8 but trading pieces doesn't seem very appealing.} g4
23. Rd6 Re6 $6 {There is no reason not to take the bishop. I looked at this
briefly but when I saw 24.Rxh6 threatening mate I dismissed it thinking it was
simpler to trade rooks. Normally it is a good idea to avoid complications when
you are already winning, but in this case this was just laziness on my part.} (
{White has nothing after} 23... gxf3 24. Rxh6 Re1+ ({Or even simply} 24... f6)
25. Kc2 Bf5+ 26. Kb3 Bh7 {-+}) 24. Rxe6 Bxe6 25. Bd1 c5 26. Bd2 Kg7 27. g3 b6 {
Here and on the three previous moves it was slightly stronger to take on c4
but I wanted to keep my pawn on g4.} 28. b3 f5 29. Bc2 Bd7 {With the intention
of play 30... Rf8 and 31... Be8 winning the h pawn. It is important that black
takes the h pawn because it is hard to break through without doing so. It was
stronger, however, to play} (29... Bf7 {when although Black loses his f pawn,
he can capture White's h pawn;} 30. Bxf5 Bxh5 31. Bc3+ Kg8 32. Bd2 Re2 33. Bxh6
Rxf2 {should be an easy win. I thought I could create a situation where I
could win the h pawn and keep my f pawn, but the more I thought about this, I
realized it was more difficult than I thought.}) 30. Be3 Rxe3 $1 ({If I
continued with my plan} 30... Rf8 {then after} 31. Bf4 Be8 32. Bd6 Rf7 33. Be5+
Kg8 {it is difficult to win the h pawn without giving up either my h pawn or
my f pawn. I realized this and came to the conclusion that it was best to
return the exchange and transition into a bishop ending where I can easily
scoop up the h pawn and win. The computer surprisingly agrees. At first 30...
Rxe3 is not one of its top 3 choices but once you show it the move it realizes
how bad White's position is and it becomes its top choice by a pretty
significant margin.}) 31. fxe3 Kf6 32. Kd2 (32. e4 f4 $1 33. gxf4 g3 34. e5+
Ke7 35. Be4 Bh3 {-+}) 32... Bc6 33. a3 a5 34. Kc3 Be4 35. Bxe4 {The king and
pawn ending is an easy win, but White is losing anyway.} fxe4 36. b4 a4 37. b5
Kg5 38. Kd2 Kxh5 39. Ke2 Kg5 40. Kf2 h5 41. Kg2 h4 42. Kh2 hxg3+ 43. Kxg3 Kh5
44. Kg2 Kh4 45. Kh2 g3+ 46. Kg1 $1 {I was playing pretty fast since I knew I
was winning and completely missed this move. It doesn't change anything, but
Black has to find the right idea(s) to win the game.} g2 $1 {Sacrificing a
pawn to obtain opposition.} ({Another winning idea is} 46... Kh5 47. Kh1 Kg5
48. Kg1 Kh4 {and Black has successfully triangulated.}) 47. Kh2 g1=Q+ 48. Kxg1
Kg3 0-1

[Event "2022 Intermat: WA vs BC"]
[Site "Chess.com"]
[Date "2022.04.23"]
[Round "1"]
[White "Velea, Anne-Marie"]
[Black "Huang, Patrick"]
[Result "1-0"]
[WhiteElo "2207"]
[BlackElo "2240"]
[Annotator "Anne-Marie Velea"]
[PlyCount "139"]
[EventDate "2022.04.23"]
[EventType "match"]
[EventRounds "2"]
[TimeControl "5400+30"]

1. e4 g6 2. d4 Bg7 3. Nc3 d6 4. f4 a6 (4... Nf6 {or}) (4... c6 {are more
popular}) 5. Nf3 b5 6. a3 (6. Bd3 {was slightly better for white}) 6... Nd7 7.
Be3 Bb7 8. Bd3 c5 9. dxc5 Nxc5 10. Bxc5 dxc5 (10... Bxc3+ 11. bxc3 dxc5 {
was a better choice for black to prevent his g7 bishop from being caged in
after 11. e5}) 11. e5 Bh6 12. g3 b4 13. axb4 cxb4 14. Ne4 Qb6 15. Qe2 a5 16.
Qf2 $1 {a very good option for white in this position; if black trades queens
his position towards the endgame is very deteriorated} Qc7 17. O-O f5 $2 {
this allows the very strong Bb5+} 18. Bb5+ Bc6 $4 (18... Kf8 19. Nc5 Kf7 $18 {
[3.82]}) 19. Qc5 $3 $18 {[6.52] exploiting multiple pins and threatening c6}
Rc8 20. Nd4 $2 {white still has a decisive advantage but} (20. Nd6+ exd6 21.
exd6 Qd7 22. Bxc6 Rxc6 23. Rfe1+ Kf8 24. Ne5 {is more forcing of a bigger
advantage}) 20... Bxb5 21. Qxb5+ Qd7 22. Qxd7+ Kxd7 23. Nd2 e6 24. Rxa5 Rc7 25.
Ra6 Bf8 26. N2b3 Nh6 27. Rd1 Ke7 28. Rxe6+ Kf7 29. Rf6+ Ke8 30. Ra1 Bg7 31.
Ra8+ Ke7 32. Rxh8 Bxh8 33. Rb6 Ng4 34. Rxb4 g5 35. Nxf5+ Ke6 36. Nbd4+ Kd5 37.
h3 {trapping the knight} gxf4 38. gxf4 Bxe5 39. fxe5 Nxe5 40. Ne3+ Kc5 41. Ne6+
Kxb4 42. Nxc7 Kc5 43. Kf2 Kd6 44. Ncd5 Kc5 45. Kg3 Kd4 46. Kf4 Ng6+ 47. Kg5 Ke4
48. b4 Ne5 49. b5 Kd4 50. b6 Kc5 51. h4 Nf7+ 52. Kf6 Nd6 53. Kg7 h5 54. Kg6 Kb5
55. Kxh5 Kc5 56. Kg6 Kd4 57. h5 Ke5 58. h6 Ke6 59. h7 Nf7 60. b7 Ne5+ 61. Kg7
Nf7 62. b8=Q Ne5 63. Qc8+ Nd7 64. Qc6+ Ke5 65. Qxd7 Kd4 66. Qg4+ Kc5 67. Qc4+
Kd6 68. Kf6 Kd7 69. Qc7+ Ke8 70. Qe7# {Anne-Marie won by checkmate} 1-0

[Event "2022 Intermat: WA vs BC"]
[Site "chess.com"]
[Date "2022.04.23"]
[Round "1.21"]
[White "Peng, Brandon"]
[Black "Qiu, Andrew"]
[Result "0-1"]
[WhiteElo "1822"]
[BlackElo "1792"]
[Annotator "Ralph Dubisch"]
[PlyCount "56"]
[EventDate "2022.04.23"]
[EventType "team-match"]
[EventRounds "2"]
[WhiteTeam "WA"]
[BlackTeam "BC"]

1. d4 Nf6 2. c4 e6 3. Nc3 Bb4 4. Bd2 ({There are several more popular, and
arguably better, moves here:} 4. e3) (4. Qc2) (4. Nf3) (4. f3) (4. Bg5) (4. a3)
(4. g3) (4. Qb3) 4... O-O 5. Nf3 d5 6. e3 c5 7. a3 cxd4 (7... Bxc3 8. Bxc3 Ne4
({or} 8... cxd4 9. Bxd4 (9. Nxd4 $5) 9... Nc6 10. cxd5) 9. Rc1 Nxc3 10. Rxc3
cxd4 11. Qxd4 Nc6 $14) 8. Nxd4 (8. axb4 dxc3 9. Bxc3) 8... Ba5 9. b4 Bc7 10. c5
$6 ({Releasing the tension, and giving Black free rein to demonstrate what
extra center pawns can do. White is fine after} 10. Rc1 a6 11. cxd5 exd5 {.})
10... a6 11. g3 e5 12. Nb3 d4 13. Na4 Qd5 14. f3 Rd8 15. Bg2 $2 ({Loses by
force. White can keep hope alive with} 15. Nb2 dxe3 16. Bxe3 Qe6 17. Qc2 Nc6
$17 {, when White has over-extended on the queenside and weakened the kingside,
but is still in the game.}) 15... Be6 $1 16. Na5 dxe3 17. Bxe3 Qxd1+ 18. Rxd1
Rxd1+ 19. Kxd1 Bxa5 {The threat of ...Bb3+ wins a piece.} 20. Kc2 Bc7 21. Rd1
Nc6 22. Bf1 Rd8 23. Re1 Nd4+ 24. Bxd4 Rxd4 25. Nc3 Bf5+ 26. Kb3 Rd2 27. h3 Bc2+
28. Kc4 Rd4# 0-1

[Event "2022 Intermat: WA vs BC"]
[Site "chess.com"]
[Date "2022.04.23"]
[Round "1.19"]
[White "Cheng, Edward"]
[Black "Guo, Veronica"]
[Result "1-0"]
[WhiteElo "1807"]
[BlackElo "1955"]
[Annotator "Ralph Dubisch"]
[PlyCount "91"]
[EventDate "2022.04.23"]
[EventType "team-match"]
[EventRounds "2"]
[WhiteTeam "WA"]
[BlackTeam "BC"]

1. Nf3 d5 2. g3 c6 3. Bg2 Nf6 4. O-O Bf5 5. b3 e6 6. Bb2 Be7 7. d3 O-O 8. Nbd2
Nbd7 9. Re1 Bb4 $6 (9... Qc7) (9... a5 $13) 10. a3 Bxd2 ({Giving up the
bishop-pair cedes White a long-term slight, but fairly stable, advantage.} 
10... Be7) 11. Nxd2 e5 12. e4 dxe4 13. Nxe4 (13. dxe4 Bg4 14. Qc1 $14) 13...
Bxe4 (13... Nxe4 14. dxe4 Be6 15. Qd6 $14) 14. dxe4 Qb6 15. Qe2 Rfe8 16. Rad1
Rad8 17. h4 Nc5 18. g4 $6 ({The kingside pawns can over-extend here.} 18. Rxd8
Qxd8 19. Rd1 Qc7 20. Qe3 b6 $14) 18... g6 19. Bf3 Nfd7 20. g5 (20. Qe3) 20...
Ne6 21. Bg4 Qc7 (21... Nd4 $1 22. Qc4 Qc7 23. Bxd4 (23. Rxd4 $5 exd4 24. Qxd4
Qe5 25. Qxe5 (25. f4 Qxd4+ 26. Bxd4 Nf8 27. Bc3 $15) 25... Nxe5 26. Bd1 c5 27.
f4 Nc6 $13) 23... exd4 24. Rxd4 (24. Qxd4 $4 Ne5 $19) 24... Ne5 25. Rxd8 Rxd8
26. Qe2 Nxg4 27. Qxg4 Qa5) 22. Bxe6 Rxe6 23. b4 b5 $2 (23... Ree8 $14) 24. c4
a6 25. c5 Nf8 26. Rd3 (26. Rxd8 Qxd8 27. Rd1 Qe7 28. Qg4 $16) 26... Ree8 (26...
Re7 27. Red1 Red7 $14) 27. Red1 Rxd3 28. Rxd3 $16 Ne6 29. Qd2 (29. Rd6 $16)
29... Nf4 $2 (29... h6) 30. Rd7 Qb8 31. Qd6 Qxd6 32. Rxd6 (32. cxd6 $1 Kf8 33.
Rc7 $18) 32... Re6 33. Rd8+ Kg7 34. f3 h6 35. Kh2 Re7 (35... hxg5 36. hxg5 f5
37. gxf6+ Kxf6 38. Kg3 Ke7 39. Ra8) 36. Rd6 hxg5 37. hxg5 Re6 38. Rxe6 Nxe6 39.
Bxe5+ {Now the slow and steady advance of pawns, coupled with the occasional
zugzwang, will lead to inevitable victory.} Kf8 40. f4 Ke7 41. Kg3 Kd7 42. Kg4
a5 43. f5 Nf8 44. bxa5 Kc8 45. Bd6 Nd7 46. a6 1-0

[Event "2022 Intermat: WA vs BC"]
[Site "Chess.com"]
[Date "2022.04.23"]
[Round "1"]
[White "Nallabothula, Varin"]
[Black "Ping-Ying Wu, Nathan"]
[Result "1/2-1/2"]
[WhiteElo "1706"]
[BlackElo "2054"]
[Annotator "Varin Nallabothula"]
[PlyCount "122"]
[EventDate "2022.04.23"]
[EventType "match"]
[EventRounds "2"]
[TimeControl "5400+30"]

1. e4 e5 2. Nf3 Nf6 3. Nxe5 Nc6 {My opponent played the Stafford Gambit, which
was surprising since I was expecting a Scandinavian} 4. Nxc6 dxc6 5. d3 {
The main move in order to solidify with Be2 and then castling, staying up the
pawn} Bc5 6. Be2 h5 (6... Ng4 7. Bxg4 Qh4 {This is another variation that
gives more attacking opportunities for black}) 7. h3 Qd4 8. O-O Qd6 9. Bf3 {
Here I played Bf3 in order to threaten e5 with the fork followed by Re1 in
order to apply pressure but I completely ignored ...Ng4} Ng4 10. e5 $1 {
The only saving move here in order to divert the queen since taking with the
pawn or bishop will open up the h-file for a clear attack} (10. Bxg4 hxg4 11.
e5 Qg6) 10... Nxe5 11. Re1 Be6 12. Nc3 {Here I played Nc3 instead of grabbing
the pawn on h5 since I didn't want to allow any attacking play for black on
the kingside} Nxf3+ 13. Qxf3 O-O-O 14. Be3 {I decided to offer a trade of dark
squared bishops here, because his bishop was very active and could be crucial
for his kingside attack in the future} Bxe3 15. Rxe3 g5 {Going for the g4
break to open up the h-file} 16. Ne4 Qb4 17. Qf6 $1 {This was a crucial move
here since it applies pressure on the g5 pawn, while defending b2, and
stopping f5 from kicking out my knight} Rhg8 18. a3 Qb5 19. Nd2 Rg6 20. Qe5 {
I offered a queen trade here since the endgame looked more promising for me}
Qd5 21. Rae1 b6 22. Nc4 Rgg8 23. Qf6 {Threatening Re5} Rg6 24. Qe5 Qd7 25. Qc3
{Clearing the e5 square for the knight while focusing on the c6 pawn} Bxc4 26.
Qxc4 Qd5 27. Qa6+ {This was a little over ambitious, queen trading and placing
my rooks on the 7th rank was probably stronger} Kb8 28. Qa4 Kb7 29. Re5 Qd6 30.
Qe4 Qf6 31. c3 Qf4 32. d4 Qxe4 33. R1xe4 Rd5 34. Kh2 $2 {A missed opportunity
here, Rxd5 and then f4 would prove better} (34. Rxd5 cxd5 35. Re5 Kc6 36. f4 $1
f6 37. f5 $1 Rg7 38. Re6+ Kb5 39. Rxf6) 34... a5 35. h4 f6 36. Re7 Rf5 37. Kg1
{Here I went back with Kg1, since f3 would lead up to gxh4 followed by Rfg5
giving him activity} Rb5 38. b4 axb4 39. axb4 gxh4 40. Rxh4 Rg4 41. Rxg4 hxg4
42. Kh2 Rd5 43. Kg3 c5 44. bxc5 bxc5 45. Re4 cxd4 46. cxd4 {Rxd4 would've
given me an extra pawn, but the endgame is still drawn} f5 47. Re5 Rxd4 48.
Rxf5 Kb6 49. f4 (49. Rf4 $5 Rxf4 50. Kxf4 c5 51. Kxg4 Kb5 52. Kf3 Kb4 53. Ke2
Kb3 54. g4 c4 55. g5 c3 56. g6 c2 57. g7 c1=Q 58. g8=Q+) 49... gxf3 50. Kxf3 c5
51. g4 c4 52. Rf4 Kc5 53. Rxd4 Kxd4 54. Ke2 Kc3 55. g5 Kb2 56. g6 c3 57. g7 c2
58. g8=Q c1=Q 59. Qb8+ Kc2 60. Qc7+ Kb2 61. Qxc1+ Kxc1 {Game drawn by
insufficient material Overall it was a nice and interesting battle with some
chances for me, but my opponent put up a solid defense so in the end it was a
draw.} 1/2-1/2